000 01060nam a22002417a 4500
005 20170123164158.0
010 _aA-978176
020 _c80.00
035 _aA-978176
040 _aDPL
_bPN
082 _a
_bਮੋਹਨ
100 _aਮੋਹਨ ਸਿੰਘ ਕੁਕੜਪਿੰਡੀਆ
_9121863
245 _aਲੰਡਨ ਦੀਆਂ ਗਲੀਆਂ :
_b ਕਹਾਣੀਆਂ /
_cਮੋਹਨ ਸਿੰਘ ਕੁਕੜਪਿੰਡੀਆ
246 _aLondon dian galian : short stories /
_bby Mohan Singh Kukerpindia
260 _aਦਿੱਲੀ
_bਨੈਸ਼ਨਲ ਬੁਕ ਸ਼ਾਪ
_c2000
270 _bਦਿੱਲੀ
_aਪਲੱਈਅਰ ਗਾਰਡਨ ਮਾਰਕਿਟ ਚਾਂਚਨੀ ਚੈਕ
_e110006
300 _a126p.
_c19cm(Hb)
650 _aਪੰਜਾਬੀ ਸਾਹਿਤ- ਲਘੂ ਕਹਾਣੀਆਂ
_98034
650 _aਪੰਜਾਬੀ ਸਾਹਿਤ
_9136087
650 _aPunjabi Literature- Short stories
_98035
650 _aPunjabi Literature
_9136088
942 _2ddc
_cPN
_h
_mਮੋਹਨ
999 _c110859
_d110859